History Quiz

Random History Quiz
Score 0/20 Timer 06:00
9 Plays Today
% Correct
Eiffel Tower
97.6%
Mount Rushmore
93.7%
Golden Gate Bridge
93.7%
Hoover Dam
93.1%
Berlin Wall
89.6%
Sydney Opera House
88.1%
Panama Canal
86.1%
RMS Titanic
82.6%
Lincoln Memorial
70.8%
Channel Tunnel
70.5%
% Correct
LZ 129 Hindenburg Airship
69.9%
Tower Bridge
57.7%
Christ the Redeemer
56.6%
First Transcontinental Railroad
48.1%
Luxor Hotel & Casino
41.6%
Petronas Towers
32.1%
Forth Rail Bridge
19.3%
The World Islands
17.8%
Rockefeller Center
12.3%
Millau Viaduct
7.4%
Remove Ads.
Support Sporcle.
Get the best of Sporcle when you Go Orange. This ad-free experience offers more features, more stats, and more fun while also helping to support Sporcle. Thank you for becoming a member.

You're not logged in!

Compare scores with friends on all Sporcle quizzes.
OR
Log In

Show Comments

Extras

Top Quizzes Today


Score Distribution

Your Account Isn't Verified!

In order to create a playlist on Sporcle, you need to verify the email address you used during registration. Go to your Sporcle Settings to finish the process.

Report this User

Report this user for behavior that violates our Community Guidelines.

Details: